Southville International School and Colleges
Your cart is empty.
  • Cart
  • Lists
    Public lists Eva Luna New books Lux_list list_1
    Your lists Log in to create your own lists
  • Log in to your account
  • Your cookies
  • Search history
Southville International School and Colleges
  • Advanced search
  • Recent comments
  • Most popular
  • Libraries

Log in to your account

Log in with GOOGLE


If you do not have an external account, but do have a local account, you can still log in:

  1. Home
  2. MARC view: Radiological sciences dictionary :
Normal view MARC view ISBD view

Radiological sciences dictionary : (Record no. 26104)

[ view plain ]
MARC details
000 -LEADER
fixed length control field 00590nam a22001817a 4500
005 - DATE AND TIME OF LATEST TRANSACTION
control field 20140310183652.0
008 - FIXED-LENGTH DATA ELEMENTS--GENERAL INFORMATION
fixed length control field 140123b xxu||||| |||| 00| 0 eng d
020 ## - INTERNATIONAL STANDARD BOOK NUMBER
International Standard Book Number 9780340941676
050 ## - LIBRARY OF CONGRESS CALL NUMBER
Classification number R 895.A3
Item number .D69 2009
100 ## - MAIN ENTRY--PERSONAL NAME
Personal name Dowsett, David J.
245 ## - TITLE STATEMENT
Title Radiological sciences dictionary :
Remainder of title keywords, names and definitions /
Statement of responsibility, etc David J. Dowsett.
260 ## - PUBLICATION, DISTRIBUTION, ETC. (IMPRINT)
Place of publication, distribution, etc London :
Name of publisher, distributor, etc Hodder Arnold,
Date of publication, distribution, etc c2009.
300 ## - PHYSICAL DESCRIPTION
Extent 359 p. :
Other physical details ill. ;
Dimensions 24 cm.
500 ## - GENERAL NOTE
General note Includes bibliographical references.
650 ## - SUBJECT ADDED ENTRY--TOPICAL TERM
Topical term or geographic name as entry element Radiology
General subdivision Medical
-- Dictionaries.
942 ## - ADDED ENTRY ELEMENTS (KOHA)
Source of classification or shelving scheme Library of Congress Classification
Koha item type Books
Holdings
Withdrawn status Lost status Source of classification or shelving scheme Damaged status Home library Current library Shelving location Date acquired Source of acquisition Total Checkouts Full call number Barcode Date last seen Copy number Price effective from Koha item type
    Library of Congress Classification   South SEED-LPDH College Library South SEED-LPDH College Library South SEED-LPDH College Section 01/23/2014 Donation   R 895.A3 .D69 2009 SSLC0090 05/15/2018 1 01/23/2014 Books

Radiological sciences dictionary :

APA

Dowsett D. J., . (2009). Radiological sciences dictionary. London: Hodder Arnold.

Chicago

Dowsett David J, . 2009. Radiological sciences dictionary. London: Hodder Arnold.

Harvard

Dowsett D. J., . (2009). Radiological sciences dictionary. London: Hodder Arnold.

MLA

Dowsett David J, . Radiological sciences dictionary. London: Hodder Arnold. 2009.

  • Place hold
  • Print
  • Cite
  • Add to your cart (remove)
  • Save record
    BIBTEX Dublin Core MARCXML MARC (non-Unicode/MARC-8) MARC (Unicode/UTF-8) MARC (Unicode/UTF-8, Standard) MODS (XML) RIS
  • More searches
    Search for this title in:
    Other Libraries (WorldCat) Other Databases (Google Scholar) Online Stores (Bookfinder.com) Open Library (openlibrary.org)

Exporting to Dublin Core...

SOUTHVILLE LIBRARY

Southville International School and Colleges Library

1281 Tropical Ave. Cor. Luxembourg St., BF Homes International, Las Pinas City

Tel. No. 8256374 / 252358 Loc. 117/146

Powered by Koha